[Event "Krakow op-D"]
[Site "Krakow"]
[Date "2005.12.29"]
[Round "3"]
[White "Koziel, Mateusz"]
[Black "Kanarek, Mariusz"]
[Result "1-0"]
[WhiteElo "1600"]
[BlackElo "1600"]
[PlyCount "25"]
[EventDate "2005.12.27"]
[EventType "swiss"]
[EventRounds "9"]
[EventCountry "POL"]
[SourceTitle "CBM 110 Extra"]
[Source "ChessBase"]
[SourceDate "2006.03.10"]
[SourceVersion "2"]
[SourceVersionDate "2006.03.10"]
[SourceQuality "1"]

1. d4 d5 2. c4 dxc4 3. e3 b5 4. a4 a6 5. axb5 axb5 6. Rxa8 Nc6 7. Nc3 b4 8. Qa4 Nf6 9. Qxc6+ Nd7 10. Nb5 e6 11. Nxc7+ Ke7 12. Bxc4 f6 13. Qxe6# 1-0